Polovodičové usmerňovače a stabilizátory napätia
Gespeichert in:
| Hauptverfasser: | , |
|---|---|
| Format: | Buch |
| Sprache: | Tschechisch |
| Veröffentlicht: |
Bratislava :
Alfa,
1976
|
| Ausgabe: | 2. dopl. vyd. |
| Tags: |
Keine Tags, Fügen Sie das erste Tag hinzu!
|
MARC
| LEADER | 00000nam a22000003a 4500 | ||
|---|---|---|---|
| 001 | stu50548 | ||
| 005 | 20150617225706.2 | ||
| 008 | 990902s1976------------------------cze-d | ||
| 040 | |a STU |b slo | ||
| 041 | 0 | |a cze | |
| 080 | |a 621.382 | ||
| 080 | |a 621.314.6 | ||
| 100 | 1 | |a Dodek, Peter |4 aut | |
| 245 | 1 | |a Polovodičové usmerňovače a stabilizátory napätia | |
| 250 | |a 2. dopl. vyd. | ||
| 260 | |a Bratislava : |b Alfa, |c 1976 | ||
| 300 | |a 431 s | ||
| 700 | 1 | |a Trajtel, Jozef |4 aut | |
| 996 | |b 284EK04407 |c E*36830 |l EE01 |s A |a 24 |w stu50548_0001 | ||
| 996 | |c I*2C2076 |l I |s A |a 24 |w stu50548_0002 | ||